Dukla štyridsaťročná

Bibliographic Details
Main Author: Jurčo, Ján, 1933- (Author)
Format: Article
Language:Slovak
Subjects:

MARC

LEADER 00000nab a2200000 a 4500
001 vtls000484198
003 SK-MaSNL
005 20260303220139.0
008 240402c1993 xo 0 slo
015 |a SNBRB19rr/mm-uuuuu 
035 |a CL0484333 
040 |a SNKBUCL  |b slo  |c SNKBUCL  |e AACR2 
041 0 |a slo 
044 |a xo  |c SK 
080 |a 82:05(437.6=83)  |2 1981 
080 |a 05  |2 1981 
100 1 |a Jurčo, Ján,  |d 1933-  |4 aut  |9 112673 
245 1 0 |a Dukla štyridsaťročná  |c Ján Jurčo 
630 0 7 |a Duklja (časopis)  |2 snkbucl  |9 94381 
655 7 |a články z novín a časopisov  |2 snkbucl  |9 267496 
655 7 |a články z odboru literárna veda a krásna literatúra  |2 snkbucl  |9 770045 
773 0 |t Literárny týždenník  |g Roč. 6, č. 4 (1993), s. 2 
850 |a Slovenská národná knižnica v Martine  |a MTA001 
852 |a SNK  |b KIS3GCP 
958 |a RK 
958 |a LX 
958 |a UK 
999 |c 2225418  |d 2227348